[Event "Speed Chess (Women) Q2"]
[Site "Chess.com INT"]
[Date "2022.05.26"]
[Round "2"]
[White "Yeshchenko, Uliana"]
[Black "Sachdev, Tania"]
[Result "1/2-1/2"]
[WhiteElo "2097"]
[BlackElo "2399"]
[PlyCount "112"]
[EventDate "2022.05.26"]
[EventType "swiss (blitz)"]
[EventRounds "14"]
[EventCountry "USA"]
[SourceTitle "CBM 208 Extra"]
[Source "ChessBase"]
[SourceDate "2022.07.31"]
[SourceVersion "1"]
[SourceVersionDate "2022.07.31"]
[SourceQuality "1"]

1. d4 Nf6 2. c4 e6 3. Nc3 Bb4 4. e3 0-0 5. Bd3 d5 6. Nf3 dxc4 7. Bxc4 c5 8. 0-0 Bxc3 9. bxc3 Qc7 10. Qe2 b6 11. Ba3 Bb7 12. Rac1 Nbd7 13. Rfd1 Rac8 14. Bd3 e5 15. e4 Rfe8 16. d5 Rf8 17. Bb5 a6 18. Bxd7 Nxd7 19. c4 Qd6 20. Rb1 f5 21. exf5 Rxf5 22. Nd2 Rcf8 23. Ne4 Qg6 24. Bc1 h6 25. Be3 Bc8 26. Kh1 Bb7 27. f3 Rd8 28. Bf2 Rff8 29. Bh4 Rb8 30. Bg3 Bc8 31. a4 Nf6 32. Nxc5 Bf5 33. Ne4 Bxe4 34. fxe4 Nxe4 35. Rb3 Nc5 36. Re3 Nxa4 37. Bxe5 Rbe8 38. Bd4 Rxe3 39. Qxe3 b5 40. cxb5 axb5 41. h3 Re8 42. Qf2 b4 43. Qa2 Nc3 44. Bxc3 bxc3 45. d6+ Kh8 46. d7 Rd8 47. Qa5 Qf6 48. Qd5 c2 49. Rc1 Qe7 50. Rxc2 Rxd7 51. Rc8+ Kh7 52. Qf5+ g6 53. Qf4 Rd1+ 54. Kh2 Qd6 55. Qxd6 Rxd6 56. Rc7+ Kg8 1/2-1/2

[Event "Speed Chess (Women) Q1"]
[Site "Chess.com INT"]
[Date "2022.05.25"]
[Round "9"]
[White "Sultana, Sharmin Shirin"]
[Black "Yeshchenko, Uliana"]
[Result "0-1"]
[WhiteElo "1992"]
[BlackElo "2097"]
[PlyCount "72"]
[EventDate "2022.05.24"]
[EventType "swiss (blitz)"]
[EventRounds "14"]
[EventCountry "USA"]
[SourceTitle "CBM 208 Extra"]
[Source "ChessBase"]
[SourceDate "2022.07.31"]
[SourceVersion "1"]
[SourceVersionDate "2022.07.31"]
[SourceQuality "1"]

1. d4 d5 2. c4 e6 3. Nc3 a6 4. a4 Nf6 5. Nf3 dxc4 6. Bg5 Be7 7. e3 Nbd7 8. Bxc4 h6 9. Bh4 0-0 10. 0-0 c5 11. Qe2 Nb6 12. Bb3 cxd4 13. Rfd1 Nfd5 14. Bxe7 Qxe7 15. Nxd5 exd5 16. Nxd4 Be6 17. Rac1 Rac8 18. Qd3 Nc4 19. Nxe6 Qxe6 20. Qxd5 Qxd5 21. Rxd5 Nxb2 22. Rxc8 Rxc8 23. g3 Rc3 24. Rd8+ Kh7 25. Bxf7 Nxa4 26. Bd5 Nc5 27. Rc8 b5 28. Ra8 b4 29. Rb8 b3 30. Kg2 a5 31. h4 a4 32. h5 g5 33. Ra8 Kg7 34. Rg8+ Kf6 35. Rg6+ Ke5 36. Bg8 b2 0-1

[Event "Speed Chess (Women) Q1"]
[Site "Chess.com INT"]
[Date "2022.05.25"]
[Round "5"]
[White "Yeshchenko, Uliana"]
[Black "Ambartsumova, Karina"]
[Result "0-1"]
[WhiteElo "2097"]
[BlackElo "2386"]
[PlyCount "58"]
[EventDate "2022.05.24"]
[EventType "swiss (blitz)"]
[EventRounds "14"]
[EventCountry "USA"]
[SourceTitle "CBM 208 Extra"]
[Source "ChessBase"]
[SourceDate "2022.07.31"]
[SourceVersion "1"]
[SourceVersionDate "2022.07.31"]
[SourceQuality "1"]

1. d4 Nf6 2. c4 g6 3. Nc3 Bg7 4. e4 0-0 5. h3 d6 6. Be3 a6 7. Qd2 c6 8. a4 d5 9. e5 Ne4 10. Nxe4 dxe4 11. g4 f6 12. exf6 exf6 13. Bg2 f5 14. Ne2 fxg4 15. hxg4 Bxg4 16. Bxe4 Qe7 17. Bg2 a5 18. 0-0-0 Na6 19. Rdg1 Nb4 20. Nf4 Bf5 21. Bh3 Na2+ 22. Kd1 Bxh3 23. Rxh3 Qe4 24. Rgh1 Rae8 25. Rxh7 Rxf4 26. b3 Nb4 27. Bxf4 Qb1+ 28. Qc1 Qxb3+ 29. Kd2 Qd3# 0-1

[Event "Speed Chess (Women) Q1"]
[Site "Chess.com INT"]
[Date "2022.05.25"]
[Round "11"]
[White "Yeshchenko, Uliana"]
[Black "Ouellet, Maili Jade"]
[Result "0-1"]
[WhiteElo "2097"]
[BlackElo "2193"]
[PlyCount "100"]
[EventDate "2022.05.24"]
[EventType "swiss (blitz)"]
[EventRounds "14"]
[EventCountry "USA"]
[SourceTitle "CBM 208 Extra"]
[Source "ChessBase"]
[SourceDate "2022.07.31"]
[SourceVersion "1"]
[SourceVersionDate "2022.07.31"]
[SourceQuality "1"]

1. d4 d5 2. c4 e6 3. Nc3 Nf6 4. cxd5 exd5 5. Bg5 Be7 6. e3 c6 7. Qc2 0-0 8. Bd3 Nbd7 9. Nf3 Re8 10. h3 Nf8 11. Ne5 a5 12. f4 c5 13. 0-0 c4 14. Be2 Bd7 15. a4 Bc6 16. Kh2 Ne6 17. Rae1 Nc7 18. b3 cxb3 19. Qxb3 Na6 20. Bxa6 Rxa6 21. Nb5 Bb4 22. Re2 Bxb5 23. axb5 Rb6 24. Qa4 Qc8 25. Bxf6 Rxf6 26. Rc2 Qf5 27. b6 Rc8 28. Rfc1 Rxc2 29. Rxc2 Qe6 30. Rc7 h6 31. Rxb7 Kh7 32. Qd7 Qxd7 33. Nxd7 Rc6 34. Nc5 Bxc5 35. dxc5 Rxc5 36. Ra7 Rb5 37. b7 a4 38. Rxa4 Rxb7 39. Ra5 Rd7 40. Kg3 Kg6 41. Kf3 Kf6 42. g4 Ke6 43. Ra6+ Rd6 44. Ra7 g6 45. Ke2 Rd7 46. Kd3 Rxa7 47. Kd4 Ra4+ 48. Kd3 Rc4 49. f5+ gxf5 50. gxf5+ Kxf5 0-1

[Event "Speed Chess (Women) Q1"]
[Site "Chess.com INT"]
[Date "2022.05.25"]
[Round "8"]
[White "Yeshchenko, Uliana"]
[Black "Selkirk, Rebecca"]
[Result "1-0"]
[WhiteElo "2097"]
[BlackElo "1781"]
[PlyCount "75"]
[EventDate "2022.05.24"]
[EventType "swiss (blitz)"]
[EventRounds "14"]
[EventCountry "USA"]
[SourceTitle "CBM 208 Extra"]
[Source "ChessBase"]
[SourceDate "2022.07.31"]
[SourceVersion "1"]
[SourceVersionDate "2022.07.31"]
[SourceQuality "1"]

1. d4 d5 2. c4 c6 3. e3 Nf6 4. Nc3 e6 5. Nf3 Bb4 6. Bd2 0-0 7. a3 Ba5 8. Be2 Re8 9. 0-0 Bc7 10. Qc2 Nbd7 11. e4 dxe4 12. Nxe4 Nxe4 13. Qxe4 Nf6 14. Qc2 e5 15. dxe5 Bxe5 16. Nxe5 Rxe5 17. Bc3 Re6 18. Rad1 Qe7 19. Rfe1 Bd7 20. Bxf6 gxf6 21. Qd2 Re8 22. Kf1 Bc8 23. b4 b6 24. Bf3 Ba6 25. Rxe6 Qxe6 26. g3 Bxc4+ 27. Kg2 Kg7 28. Qd4 Bb5 29. Qh4 Re7 30. Rd4 Qe1 31. Rg4+ Kf8 32. Qh6+ Ke8 33. Rg8+ Kd7 34. Bg4+ Kc7 35. Qf4+ Kb7 36. Qb8+ Ka6 37. Bc8+ Rb7 38. Qxb7# 1-0

[Event "Titled Tuesday intern op 01st Feb-B"]
[Site "Chess.com INT"]
[Date "2022.02.02"]
[Round "3"]
[White "Yeshchenko, Uliana"]
[Black "Sadovsky, Artem"]
[Result "0-1"]
[WhiteElo "2097"]
[BlackElo "2321"]
[PlyCount "34"]
[EventDate "2022.02.02"]
[EventType "swiss (blitz)"]
[EventRounds "11"]
[EventCountry "USA"]
[SourceTitle "CBM 206 Extra"]
[Source "ChessBase"]
[SourceDate "2022.03.31"]
[SourceVersion "1"]
[SourceVersionDate "2022.03.31"]
[SourceQuality "1"]

1. d4 g6 2. c4 Bg7 3. Nc3 d6 4. e4 e5 5. d5 f5 6. f3 Nf6 7. Bd3 0-0 8. Nge2 Na6 9. Be3 fxe4 10. fxe4 Ng4 11. Bg1 Qf6 12. Ng3 Nf2 13. Qe2 Nxh1 14. Nxh1 Bh6 15. a3 Nc5 16. Bc2 Bg4 17. Qf2 Qg5 0-1